| 000 | 00890nas a2200289 4500 | ||
|---|---|---|---|
| 001 | BR2013009229 | ||
| 003 | BR-BrBNA | ||
| 005 | 20231205123233.0 | ||
| 007 | ta | ||
| 008 | 230509b bl.|||p| |||| 00| 00por d | ||
| 040 |
_aBR-BrBNA _bpor _cBiblioteca Nacional de Agricultura |
||
| 041 | _a(Pt) | ||
| 072 | _aL53 | ||
| 100 | 1 | _aFerrari, C.V. | |
| 100 | 1 | _aSbardella, P.E. | |
| 100 | 1 | _aBortolozzo, F.P. | |
| 100 | 1 | _aWentz, I. | |
| 245 | 1 | _aInfertilidade sazonal associada ao estresse pelo calor em fêmeas suínas: impactos produtivos e medidas de controle | |
| 650 | _aSUÍNO | ||
| 650 | _aESTERILIDADE | ||
| 650 | _aSTRESS | ||
| 650 | _aEFICIÊNCIA REPRODUTIVA | ||
| 650 | _aTEMEPERATURA | ||
| 773 | 0 |
_tA Hora Veterinária (Brazil) _xISSN 0101-9163 _g(Jul-Aug 2012), v. 32(188) p. 44-47 _wBR2013009229 |
|
| 909 |
_a202311 _bLúcia _c55 _dLúcia Elande |
||
| 942 |
_2AGRIS _n0 _cANA |
||
| 999 |
_c232860 _d232860 |
||